| 000 | 05057 a2200373 4500 | ||
|---|---|---|---|
| 005 | 20100222114542.0 | ||
| 020 |
_a8182260523 _c200.00 |
||
| 035 | _aB-401687-701 | ||
| 037 | _bलोकभारती/ PUB | ||
| 082 | _a808.883 | ||
| 100 |
_aउपेन्द्रनाथ अश्क _914782 |
||
| 245 |
_aमेटोः मेरा दुश्मन / _cउपेन्द्रनाथ अश्क |
||
| 250 | _a2रा संस्क | ||
| 260 |
_aइलाहाबाद _bलोकभारती _c2008 |
||
| 270 |
_a15-ए, महात्मा गांधी मार्ग _bइलाहाबाद _e211001 |
||
| 300 |
_a182पृ _c22सेमी (सजिल्द) |
||
| 942 |
_adpl _cHN _2ddc _mउपेन्द्र _h808.883 |
||
| 999 |
_c34231 _d34231 |
||